00629nam a22002177a 4500003000500000005001700005008004100022010001000063011001000073035001000083040000900093082001600102100002000118245011200138260003800250300002300288650003200311650002700343700002100370700002000391CHAP20220329135323.0971013s1979 r 00010 d a34370 a35342 a39458 cCHAP a581.542bL900aLyons, James M. aLow temperature stress in crop plantsb: the role of the membrana ; proceedings of an International seminar aNew York :bAcademic Press,c1979 a565 p.b: gráfs.14aHeladasxEfecto en plantas.14aMembranas (Biología)0 aGrahan, Douglas.0 aRaison, John K.